Derechos humanos, comunicación y luchas por la dignidad (En este ejemplar: Introducción; Los Derechos Humanos desde perspectiva crítica)

שמור ב:
מידע ביבליוגרפי
פורמט: ספר
שפה:Spanish
יצא לאור: Quito, Ecuador Ediciones CIESPAL 2018
נושאים:
תגים: הוספת תג
אין תגיות, היה/י הראשונ/ה לתייג את הרשומה!

MARC

LEADER 00000nam a22000007a 4500
008 180829b xxu||||| |||| 00| 0 spa d
040 |a cru BVZT 
090 |a 100 D-15.2de  
245 |a Derechos humanos, comunicación y luchas por la dignidad (En este ejemplar: Introducción; Los Derechos Humanos desde perspectiva crítica)  |c Francisco Sierra Caballero, Vicente Barragán Robles, Javier moreno Gálvez, editores 
260 |a Quito, Ecuador  |b Ediciones CIESPAL  |c 2018 
300 |a 362 páginas 
650 |a FILOSOFÍA   |9 5 
650 |a DERECHOS HUMANOS  
650 |a COMUNICACIÓN  
650 |a LUCHAS POR LA DIGNIDAD  
650 |a DERECHOS HUMANOS EN EL MERCOSUR  
650 |a En este ejemplar: Introducción y Los Derechos Humanos desde perspectiva crítica  
650 |a Colección: Ciencias Sociales y Políticas, Nº 3  
999 |c 30564  |d 30564 
942 |c LIB  |h 100 D-15.2de   |2 z